JAK NAJWIECEJ ZER W 15SEKUND - Statystyki

Ogólne statystyki
  • Ten quiz został rozwiązany 254 razy
  • Średni wynik to 12 z 13
Statystyki odpowiedzi
Hint Odpowiedź % Poprawnych
1 0
100%
2 00
99%
3 000
99%
4 0000
99%
5 00000
98%
6 000000
97%
7 0000000
96%
8 00000000
95%
9 000000000
95%
10 0000000000
92%
11 00000000000
87%
12 000000000000
73%
13 0000000000000
61%
Nie znaleziono quizów pasujących do podanych kryteriów
Rozkład punktacji
Procent ludzi z każdym wynikiem
Percentyl według liczby udzielonych odpowiedzi
Twoja historia wyników
Nie rozwiązałeś tego quizu